00252nam a2200097Ia 4500008004100000082001500041100001800056245004100074260003000115300000900145210430s9999 xx 000 0 und d a530 K391 P aDonald Q.Kern aProcess Heat TransfercDonald Q.Kern aNew yorkbGraw-Hillc1950 a871p